| 000 | 00505nam a22001817a 4500 | ||
|---|---|---|---|
| 003 | OSt | ||
| 008 | 220718b |||||||| |||| 00| 0 eng d | ||
| 020 | _a9789390175130 | ||
| 082 |
_a626.8 _bPAN/IR |
||
| 100 |
_aPANIGRAHI, BALRAM _9652 |
||
| 100 |
_aAGRAWAL, P K _95233 |
||
| 245 |
_aIRRIGATION ENGINEERING _b:THEORY AND PRACTICE |
||
| 260 |
_a;NEW DELHI _b: NEW INDIA PUBLISHING AGENCY _c2022 |
||
| 300 | _aVIII + 392 | ||
| 650 | _aIRRIGATION - ENGINEERING | ||
| 700 |
_aAGRAWAL, P K _95233 |
||
| 942 | _cBK | ||
| 999 |
_c17534 _d17534 |
||